Plant biotechnology and genetics: Principles, techniques and applications (Record no. 43202)

MARC details
000 -LEADER
fixed length control field 00632nam a2200229Ia 4500
020 ## - INTERNATIONAL STANDARD BOOK NUMBER
ISBN 9781118820124
082 ## - DEWEY DECIMAL CLASSIFICATION NUMBER
Classification number 573.6+575
Item number STE
100 ## - MAIN ENTRY--AUTHOR NAME
Personal name Stewart, Neal C
245 #0 - TITLE STATEMENT
Title Plant biotechnology and genetics: Principles, techniques and applications
250 ## - EDITION STATEMENT
Edition statement 2
260 ## - PUBLICATION, DISTRIBUTION, ETC. (IMPRINT)
Place of publication New Jersey
Name of publisher John Wiley
Year of publication 2016
300 ## - PHYSICAL DESCRIPTION
Number of Pages 406p.
650 ## - SUBJECT ADDED ENTRY--TOPICAL TERM
Topical Term Agricultural innovations
650 ## - SUBJECT ADDED ENTRY--TOPICAL TERM
Topical Term Biosafety
650 ## - SUBJECT ADDED ENTRY--TOPICAL TERM
Topical Term Gene expression
650 ## - SUBJECT ADDED ENTRY--TOPICAL TERM
Topical Term Genetically modified plants
650 ## - SUBJECT ADDED ENTRY--TOPICAL TERM
Topical Term Marker genes
650 ## - SUBJECT ADDED ENTRY--TOPICAL TERM
Topical Term Tissue culture
650 ## - SUBJECT ADDED ENTRY--TOPICAL TERM
Topical Term Transgenic plants
942 ## - ADDED ENTRY ELEMENTS (KOHA)
Koha item type Books
Holdings
Withdrawn status Lost status Damaged status Not for loan Home library Current library Date acquired Cost, normal purchase price Full call number Accession Number Koha item type
        RRII Library RRII Library 16/12/2021 115.00 573.6+575 STE 23468 Books